00334 a2200121 450000100060000002000180000608200170002410000150004124500830005626000340013930000200017350000190019392128 a9780470058190 a623.7469 AUS aReg Austin aUnmanned Aircraft SystembUAVs Design, Development and deploymentcAustin, Reg aUKbJohn Wiley and Sonsc2010 axxix, 332p.bHb aReference Book